Dưỡng sinh thần trí
Uloženo v:
| Hlavní autor: | |
|---|---|
| Další autoři: | |
| Médium: | Kniha |
| Vydáno: |
Hà Nội
Lao động
2006
|
| Témata: | |
| Tagy: |
Přidat tag
Žádné tagy, Buďte první, kdo otaguje tento záznam!
|
| Thư viện lưu trữ: | Trung tâm Học liệu Lê Vũ Hùng, Trường Đại học Đồng Tháp |
|---|
| LEADER | 00747pam a22002658a 4500 | ||
|---|---|---|---|
| 001 | 00034564 | ||
| 005 | 20171026081025.0 | ||
| 008 | 161006s2006 ||||||Viesd | ||
| 020 | |c 17000 | ||
| 041 | 0 | # | |a Vie |
| 082 | 1 | 4 | |a 613.7 |b D561S |
| 100 | 1 | # | |a Phạm, Côn Sơn |
| 245 | 1 | 0 | |a Dưỡng sinh thần trí |c Phạm Côn Sơn |
| 260 | # | # | |a Hà Nội |b Lao động |c 2006 |
| 300 | # | # | |a 132 tr. |c 20.5 cm. |
| 653 | # | # | |a Dưỡng Sinh |
| 653 | # | # | |a Sức khỏe |
| 653 | # | # | |a Rèn luyện |
| 700 | 1 | # | |a Hướng dẫn |
| 852 | # | # | |j KD.0017556 |
| 852 | # | # | |b Kho đọc |j KD.0017556 |
| 910 | |d 06/10/2016 | ||
| 980 | # | # | |a Trung tâm Học liệu Lê Vũ Hùng, Trường Đại học Đồng Tháp |